Basic pathology

Đã lưu trong:
Bibliografiske detaljer
Hovedforfatter: Robbins, Stanley L.
Format: Bog
Sprog:Undetermined
Udgivet: Philadelphia Saunders 1987
Fag:
Tags: Tilføj Tag
Ingen Tags, Vær først til at tagge denne postø!
Thư viện lưu trữ: Trung tâm Học liệu Trường Đại học Cần Thơ
LEADER 00471nam a2200181Ia 4500
001 CTU_125769
008 210402s9999 xx 000 0 und d
082 |a 616.07 
082 |b R632 
100 |a Robbins, Stanley L. 
245 0 |a Basic pathology 
245 0 |c Stanley L. Robbins, Vinay Kumar 
260 |a Philadelphia 
260 |b Saunders 
260 |c 1987 
650 |a Pathology 
904 |i Hiếu 
980 |a Trung tâm Học liệu Trường Đại học Cần Thơ